Stranger Things A-Z - Statistics

General Stats
  • This quiz has been taken 1,160 times
  • The average score is 18 of 26
Answer Stats
Letter Hint Answer % Correct
E The name of the ''weirdo'' girl with the shaved head Eleven
95%
J Name of Will Byers' mother Joyce
95%
H The town where the show is set in Hawkins
92%
N Name of Mike Wheeler's sister Nancy
92%
D The monster in season 1 Demogorgon
90%
U The place where Will gets stuck in Season 1 Upside Down
89%
P The girl with the shaved head calls Dr. Brenner with this name Papa
87%
C The ''hideaway'' which Jonathan and Will built and Will destroyed in Season 3 Castle Byers
85%
R The nationality of many villains in Season 3 Russian
82%
O The doctor in Season 2, Dr. Sam... Owens
81%
G Mike claims that Will doesn't like... Girls
80%
S The ice cream shop where Steve and Robin work in Season 3 Scoops Ahoy
79%
L Name of Will Byers' father Lonnie
78%
W The Ryder who plays Will's mom Winona
78%
F The name of the second episode of season 2, ''Trick or treat... Freak
74%
I The last name of the woman whose child got kidnapped by the government Ives
73%
Q Will's dad used to say that Will was... Queer
70%
T ''Keep the door open...'' Three inches
68%
A A place where the gang hangs out a lot in Season 2 Arcade
63%
Z Max says that she could be the party's... Zoomer
54%
B The name of the burger joint in the show, in season 1 Benny's Burgers
53%
K Name of the recurring character in Season 2, portrayed by Linnea Berthelsen Kali
49%
M The place ''Where Cornwallis and Kerley meet'' Mirkwood
29%
Y The song which Hopper dances to in Season 2 and which he sings in Season 3 You Don't Mess Around With Jim
21%
X The official name of H&M and Stranger Things collaboration: ''Stranger Things... x H&M
14%
V This place is a dimension that is a dark reflection, or echo, of our world. It is a place of decay and death, a plane out of phase, a place with monsters Vale Of Shadows
13%
No matching quizzes found
Score Distribution
Percent of People with Each Score
Percentile by Number Answered
Your Score History
You have not taken this quiz